| 000 | 00619 a2200181 4500 | ||
|---|---|---|---|
| 003 | Nust | ||
| 005 | 20230525122526.0 | ||
| 020 | _a0852747705 | ||
| 040 | _cNust | ||
| 082 | _a004.16,JON | ||
| 100 |
_aJones, D.G. C. _9112597 |
||
| 245 |
_aMicrocomputers / _cD G C Jones |
||
| 260 |
_aBoston _bAdam Hilger _c1985 |
||
| 300 | _a54 p. | ||
| 505 | _aHow the Computer Works (Page-1), The Input / Output Interface (Page-9), Mass Storage of Data (Page-17), Software (Page-23), More on Software-Some Notes on Basic (Page-33), Interfacing to the Real World (Page-39). | ||
| 650 |
_aMicrocomputers _98096 |
||
| 942 |
_2ddc _cBKB |
||
| 999 |
_c176520 _d176520 |
||